| 000 | 00978nam a22002657a 4500 | ||
|---|---|---|---|
| 003 | OSt | ||
| 005 | 20250614144620.0 | ||
| 008 | 250614b 2021us a|||| i||| 00| 0 eng d | ||
| 020 | _a9781108965910 | ||
| 020 | _a9781108984447 | ||
| 040 |
_aMa-Un _cMa-Un |
||
| 082 |
_222 _a543.08585 _bSEC |
||
| 100 | _4Sun, Ellen X | ||
| 245 |
_a Core radiology : a visual approach to diagnostic imaging / _cEllen X. Sun Junzi Shi, Jacob Mandell |
||
| 250 | _aSecond edition | ||
| 260 |
_aNew York : _bCambridge : _c2021 |
||
| 300 | _a2 volumes : illustrations (black and white, and colour); 28 cm | ||
| 500 | _aVolume 1: 1. Thorasic Imaging 2. Gastrointestinal Imaging 3. Genitourinary Imaging 4. Obstetrical Imaging 5. Breast Imaging | ||
| 650 |
_a Diagnostic Imaging _9119949 |
||
| 650 |
_a Diagnostic Imaging _xImagerie pour le diagnostic _9119950 |
||
| 650 | _aRadiography, Medical | ||
| 700 |
_aShi, Junzi _9119951 |
||
| 700 |
_aMandell, Jacob _9119952 |
||
| 942 |
_2ddc _cBOOK |
||
| 999 |
_c86714 _d323991 |
||